La reina Margot = La reine Margot /

Sangrienta representación de las vidas de Margarita de Valois, noble francesa de credo católico e hija de Catalina de Médicis, y de su marido protestante, Enrique de Borbón, rey de Navarra y futuro rey de Francia, en la época de la masacre del Día de San Bartolomé, perpetrada el 24 de agosto de 1572...

Fuld beskrivelse

Guardado en:
Bibliografiske detaljer
Hovedforfatter: Chéreau, Patrice (realización)
Andre forfattere: Thompson, Danièle (guión) (guión), Chéreau, Patrice (guión) (guión), Rousselot, Philippe (fotógrafo) (fotógrafo), Gédigier, François (montaje) (montaje), Viard, Hélène (montaje) (montaje), Bickel, Moidele (vestuario) (vestuario), Bregović, Goran (música) (música), Adjani, Isabelle (actuación) (actuación), Auteuil, Daniel (actuación) (actuación), Anglade, Jean-Hugues (actuación) (actuación)
Format: Slide
Sprog:fransk
Udgivet: París, Francia : Renn Productions, 1994, c1994
Udgivelse:Versión internacional abreviada
Fag:
Tags: Tilføj Tag
Ingen Tags, Vær først til at tagge denne postø!

MARC

LEADER 00000ngm^a2200000^a^4500
001 000195432
005 20250521000000.0
009 20260310102753.019
037 |a Acervo ITESO - Biblioteca 
041 |a FRA 
082 |a 840.  |b CHE 
100 |a Chéreau, Patrice  |e (realización) 
240 1 4 |a [La reina Margarita] 
240 1 4 |a [La reina Margarita. Adaptaciones] 
245 1 3 |a La reina Margot =  |b La reine Margot /  |c Realización de P. Chéreau. 
250 |a Versión internacional abreviada 
264 4 |a París, Francia :  |b Renn Productions,  |c 1994, c1994 
264 2 |a México :  |b Zima Entertainment [distribución],  |c 2004, c2004 
300 |a 1 DVD regiones 1 y 4 (137 min.) :  |b color 
336 |a imagen móvil bidimensional  |b tdi  |2 rdacontenido 
337 |a video  |b v  |2 rdamedio 
338 |a videodisco  |b vd  |2 rdasoporte 
500 |a Basado en: La reina Margarita, de Alexandre Dumas 
520 |a Sangrienta representación de las vidas de Margarita de Valois, noble francesa de credo católico e hija de Catalina de Médicis, y de su marido protestante, Enrique de Borbón, rey de Navarra y futuro rey de Francia, en la época de la masacre del Día de San Bartolomé, perpetrada el 24 de agosto de 1572. El quinto de los diez largometrajes fílmico dirigido por el cineasta francés Patrice Chéreau (1944-2013), quien junto con su coguionista Danièle Thompson acometió una nueva adaptación de la novela La reina Margarita (1845) de Alexandre Dumas (1802-1870). La Biblioteca del ITESO cuenta con dos cortes diferentes de la película: uno de 155 minutos, en formato de videocasete VHS, y esta versión reducida a 137 minutos en formato DVD. 
520 |a Suplementos y características especiales: 1) Avance de la película (2 min., con subtítulos opcionales: español) y 2) Pantallas de texto con sinopsis de la cinta y datos de las filmografías del director, del productor Claude Berri (1934-2009) y de los intérpretes Isabelle Adjani, Daniel Auteuil, Jean-Hugues Anglade, Vincent Perez, Dominique Blanc, Miguel Bosé, Asia Argento y Thomas Kretschmann. 
530 |a Existe una edición en formato audiovisual en VHS con el mismo título 
546 |a En francés e italiano, con subtítulos opcionales: español 
586 |a Premio César, de la Academia Francesa de Cine (20°: 1995): Mejor Película (finalista) 
586 |a Premio César, de la Academia Francesa de Cine (20°: 1995): Mejor Dirección (finalista: Patrice Chéreau) 
586 |a Premio César, de la Academia Francesa de Cine (20°: 1995): Película con más premios (5) 
586 |a Premio César, de la Academia Francesa de Cine (20°: 1995): Película con más candidaturas finalistas (12) 
586 |a Premio BAFTA, de la Academia Británica de Cine y Televisión (49°: 1995): Mejor Película en Lengua No Inglesa (finalista) 
586 |a Premio Globo de Oro, de la Asociación de la Prensa Extranjera de Hollywood (52°: 1994): Mejor Película en Lengua No Inglesa (finalista) 
586 |a Diseño de Indumentaria y Moda: Premio César, de la Academia Francesa de Cine (20°: 1995): Mejor Diseño de Vestuario (ganadora: Moidele Bickel) 
586 |a Diseño de Indumentaria y Moda: Premio David di Donatello, de la Academia Italiana de Cine (40°: 1995): Mejor Diseño de Vestuario (finalista: Moidele Bickel) 
586 |a Diseño de Indumentaria y Moda: Premio Oscar, de la Academia Norteamericana de Cine (67°: 1994): Mejor Diseño de Vestuario (finalista: Moidele Bickel) 
649 |a XX 
650 |a Reyes Franceses -  |x Biografías -  |x Adaptaciones para Cine 
650 |a Políticos Franceses -  |x Biografías -  |x Adaptaciones para Cine 
650 |a Mujeres en el Cine 
650 |a Mujeres Francesas -  |x Biografías -  |x Adaptaciones para Cine 
650 |a Películas Históricas 
650 |a Dramas Cinematográficos 
650 |a Cine Francés -  |y 1990-1999 
650 |a Cine Francés -  |y Siglo XX 
650 |a Novela Francesa -  |x Adaptaciones para Cine 
650 |a Literatura Francesa -  |y Siglo XIX -  |x Adaptaciones para Cine 
650 |a Literatura y Cine 
650 |a Conspiración -  |z Francia -  |x Historia -  |y Carlos IX, 1560-1574 
650 |a Tolerancia e Intolerancia -  |z Francia -  |x Historia -  |y Carlos IX, 1560-1574 
650 |a Guerra y Religión -  |z Francia -  |x Historia -  |y Carlos IX, 1560-1574 
650 |a Asesinato Político -  |z Francia -  |x Historia -  |y Carlos IX, 1560-1574 
650 |a Violencia Política -  |z Francia -  |x Historia -  |y Carlos IX, 1560-1574 
650 |a Cristianismo y Política -  |z Francia -  |x Historia -  |y Carlos IX, 1560-1574 
650 |a Política y Religión -  |z Francia -  |x Historia -  |y Carlos IX, 1560-1574 
650 |a Política -  |z Francia -  |x Historia -  |y Carlos IX, 1560-1574 
650 |a Matanza del Día de San Bartolomé, 1572 -  |x Historia -  |x Tema Principal 
650 |a París, Francia -  |x Historia -  |y Carlos IX, 1560-1574 
650 |a Francia -  |x Historia -  |y Guerra de los Hugonotes, 1562-1598 
650 |a Francia -  |x Historia -  |y Carlos IX, 1560-1574 
650 |a Francia -  |x Historia -  |y Siglo XVI 
650 |a Francia -  |x Historia -  |y Dinastía Capeto (Segunda) o Valois, 1328-1589 
650 |a Carlos IX, Rey de Francia 
650 |a Enrique III, Rey de Navarra 
650 |a Enrique IV, Rey de Francia 
650 |a Margarita, de Valois,  |c Reina de Navarra y de Francia -  |x Tema Principal 
650 |a Medici, Catalina de, Reina de Francia 
700 |a Thompson, Danièle  |e (guión) 
700 |a Chéreau, Patrice  |e (guión) 
700 |a Rousselot, Philippe  |e (fotógrafo) 
700 |a Gédigier, François  |e (montaje) 
700 |a Viard, Hélène  |e (montaje) 
700 |a Bickel, Moidele  |e (vestuario) 
700 |a Bregović, Goran  |e (música) 
700 |a Adjani, Isabelle  |e (actuación) 
700 |a Auteuil, Daniel  |e (actuación) 
700 |a Anglade, Jean-Hugues  |e (actuación) 
910 |a Fondo General 
920 |a Audiovisuales - DVDs 
940 |a Películas 
905 |a 302 
901 |a 0500131788  |b IT2  |c DVS  |u 20250521 
901 |a 0500232740  |b IT2  |c DVS  |i D65224  |u 20250521 
902 |a https://opac.biblio.iteso.mx/vufind/Record/000195432